000 00392nam a22001217a 4500
082 _a200 THE
100 _aMUHAMMAD AKMAL
_929745
245 _aTH-SOF-0944-DETECTION OF MOVEMENT INTENTION FROM SINGLE-TRIAL MOVEMENT-RELATED CORTICAL POTENTIALS
260 _aNUST COLLEGE OF EME
_bISLAMABAD
_c2001
650 _a MS-ELECT-71 MSTHESIS
700 _a DR. SYED M. TAHIR ZAIDI
_929746
942 _cCF
999 _c578608
_d578608